Protección jurídica del consumidor (Registro nro. 1344)

Detalles MARC
000 -LEADER
fixed length control field 01293 a2200217 4500
001 - CONTROL NUMBER
control field 25237
005 - DATE AND TIME OF LATEST TRANSACTION
control field 20260407155536.0
008 - FIXED-LENGTH DATA ELEMENTS--GENERAL INFORMATION
fixed length control field 260407a1990 arg spa d
003 - CONTROL NUMBER IDENTIFIER
control field AR-UNSa-BCEJYS
040 ## - CATALOGING SOURCE
Original cataloging agency AR-UNSa-BCEJYS
Language of cataloging spa
Transcribing agency AR-UNSa-BCEJYS
080 ## - UNIVERSAL DECIMAL CLASSIFICATION NUMBER
Universal Decimal Classification number 366.5
Common auxiliary subdivision Protección del consumidor. Distintos tipos de asociaciones de consumidores
020 ## - INTERNATIONAL STANDARD BOOK NUMBER
International Standard Book Number 950-14-0559-1
100 1# - MAIN ENTRY--PERSONAL NAME
Personal name Stiglitz, Gabriel
245 10 - TITLE STATEMENT
Title Protección jurídica del consumidor
250 ## - EDITION STATEMENT
Edition statement 2a. ed
264 #1 - PRODUCTION, PUBLICATION, DISTRIBUTION, MANUFACTURE, AND COPYRIGHT NOTICE
Place of production, publication, distribution, manufacture Buenos Aires :
Name of producer, publisher, distributor, manufacturer Depalma
Date of production, publication, distribution, manufacture, or copyright notice 1990
300 ## - PHYSICAL DESCRIPTION
Extent 177 p.
Dimensions 23 cm.
505 ## - FORMATTED CONTENTS NOTE
Formatted contents note Parte I : Aspectos de la tutela del consumidor(su regulación en el derecho europeo): 1. La atención de la parte débil, en la regulación comunitaria de las relaciones creditorias - 2. Derechos a la salud, seguridad y resarcimiento de los daños - 3. Derecho a la protección de los interéses económicos - 4. Hacia el fortalecimiento de la posición del consumidor en las relaciones personales - Parte II : La protección del consumidor en el derecho argentino (sistema jurídico actual y perspectivas de una legislación especial): 1. Introducción - 2. Sistema jurídico actual - 3. Persepctivas de una legislación especial - 4. Conclusiones - Apéndice.
590 ## - LOCAL NOTE (RLIN)
Local note niveau_biblio:m niveau_hierar:0
942 ## - ADDED ENTRY ELEMENTS (KOHA)
Koha item type
Existencias
Withdrawn status Lost status Damaged status Not for loan Home library Current library Shelving location Date acquired Total checkouts Full call number Barcode Date last seen Price effective from Koha item type
        Biblioteca Prof. Eusebio Cleto del Rey Biblioteca Prof. Eusebio Cleto del Rey   07/04/2026   366.5 S854 2ed. L53754 07/04/2026 07/04/2026 Libro